El análisis económico del Derecho: orígenes, fundamentos y métodos del Law and Economics en los EE. UU

Na minha lista:
Detalhes bibliográficos
Autor principal: Chiassoni, Pierluigi (Author)
Formato: Livro
Idioma:espanhol
Publicado em: Lima Palestra 2013
Edição:1a. ed
Assuntos:
Tags: Adicionar Tag
Sem tags, seja o primeiro a adicionar uma tag!

MARC

LEADER 00000cam a2200000 a 4500
001 UCD5775
003 CL-VaPUC
008 161007e20130000pe |||||||||||||||||spa|d
020 |a 9786124047992 
082 0 4 |a 346.001  |b CHI  |2 21 
100 0 |a Chiassoni, Pierluigi  |e author  |9 589531 
245 1 3 |a El análisis económico del Derecho: orígenes, fundamentos y métodos del Law and Economics en los EE. UU 
250 |a 1a. ed 
300 |a 342 p 
942 |c BK 
945 |d 20161007 09:49:00  |a dcastane 
260 |a Lima  |b Palestra  |c 2013 
650 0 |a Derecho económico   |9 259197 
650 0 |a Filosofía del derecho   |9 255050 
583 |a last modification  |c 20161007 09:49:00  |k Rodrigo Vera 
999 |c 366328  |d 366326 
952 |0 0  |1 0  |3 erb  |4 0  |6 346_001000000000000_CHI_2013  |7 0  |8 A  |9 480511  |a BIBDER  |b BIBDER  |i 5344662  |l 1  |o 346.001 CHI 2013  |p 5344662  |r 2023-01-25  |s 2022-08-24  |w 2019-11-24  |y BK  |z Catalogado en:20161007  |k DER